Marinos ilustres y destacados del pasado. Síntesis Biográfica.
Saved in:
| Hovedforfatter: | |
|---|---|
| Format: | Bog |
| Sprog: | engelsk |
| Udgivet: |
Santiago, Chile:
Sipimex,
1985.
|
| Fag: | |
| Tags: |
Tilføj Tag
Ingen Tags, Vær først til at tagge denne postø!
|
MARC
| LEADER | 00000nam a22000007a 4500 | ||
|---|---|---|---|
| 003 | CL-VaPUC | ||
| 005 | 20220822114830.0 | ||
| 008 | 220808t1985 ||||| |||| 00| 0 eng d | ||
| 999 | |c 438076 |d 438074 | ||
| 040 | |c Pontificia Universidad Católica de Valparaíso | ||
| 082 | |2 22 |a 923.583 FUE 1985 | ||
| 100 | |9 543687 |a Fuenzalida Bade, Rodrigo |e autor | ||
| 245 | |a Marinos ilustres y destacados del pasado. |b Síntesis Biográfica. | ||
| 260 | |a Santiago, Chile: |b Sipimex, |c 1985. | ||
| 300 | |a 280 páginas. | ||
| 500 | |a c.1 Donación Familia Prof. Alejandro Guzmán Brito. | ||
| 583 | |c 20220808 |k Yessy Sthefany Diaz Vidal | ||
| 650 | 0 | |9 323609 |a Marinos |x Biografías |z Chile | |
| 650 | 0 | |9 323609 |a Marinos |x Historia |z Chile | |
| 650 | 0 | |9 875021 |a Biografía naval |z Chile | |
| 942 | |2 ddc |c BK |n 0 | ||
| 952 | |0 0 |1 0 |2 ddc |4 0 |6 923_583000000000000_FUE_1985 |7 0 |8 C_AGB |9 585954 |a BIBDER |b BIBDER |d 2022-08-08 |e Donación |i 5653906 |o 923.583 FUE 1985 |p 5653906 |r 2023-01-25 |t 1 |w 2022-08-08 |y BK_US |k AGB | ||